Movies Quiz

Random Movies or Letter Quiz

One Word 'T' Movies Quiz Stats

 Plays Quiz Updated Dec 7, 2015

Challenge
Share
Tweet
Score 0/26 Timer 07:00
1 Play Today
% Correct
Ted
99.3%
Tarzan
98.6%
Twilight
94.9%
Titanic
94.4%
Taken
87.2%
Transformers
83.9%
TRON
83.2%
Troy
82.8%
Tangled
81.1%
Twins
77.4%
Thor
71.1%
Tombstone
62.6%
Tootsie
61.3%
% Correct
Turbo
61.1%
Twister
57.2%
Trainspotting
50.5%
Tremors
46.5%
Thunderball
42.6%
Tomorrowland
34.7%
Transcendence
22.3%
Timecop
21.5%
Thirteen
16.6%
Them!
16.4%
Transamerica
15.5%
Tigerland
8.2%
Trance
6.2%

You're not logged in!

Compare scores with friends on all Sporcle quizzes.
Join for Free
OR
Log In

You Might Also Like...

Show Comments

Extras

Top Quizzes Today


Score Distribution

Your Account Isn't Verified!

In order to create a playlist on Sporcle, you need to verify the email address you used during registration. Go to your Sporcle Settings to finish the process.

Report this User

Report this user for behavior that violates our Community Guidelines.

Details: